000 00620nam a2200229Ia 4500
003 OSt
005 20220928103914.0
006 a|||||r|||| 00| 0
007 ta
008 220927b |||||||| |||| 00| 0 eng d
024 _a61664
037 _cTextual
040 _aSDCL
_cSDCL
_beng
041 _2eng
_aeng
082 _aP15,Cx1,1:g, M5
100 _aGour Vishan lal
_9407499
245 0 _aPaniniya astadhyayi ke rachna-siddhant
260 _aGaziabad
_bLokalok Prakashak
_c1985
300 _a248p
_ccm.
942 _hP15,Cx1,1:g, M5
_cTEXL
_2CC
999 _c723015
_d723015